| 000 | 02646nam a22002657a 4500 | ||
|---|---|---|---|
| 001 | 5150453 | ||
| 003 | UA-OsUOA | ||
| 005 | 20201105173619.0 | ||
| 008 | 200401b un ||||| m||| 00| 0 ukr d | ||
| 040 |
_aUA-OsUOA _bukr _cUA-OsUOA _dUA-OsUOA |
||
| 041 | _aukr | ||
| 080 | _a343.34 | ||
| 090 | _a343.34 | ||
| 095 |
_a12.00.08 _bкримінальне право та кримінологія; кримінально-виконавче право |
||
| 100 | _aСоколовський В. Л. | ||
| 245 |
_aГромадська безпека як об'єкт злочину _cСоколовський Валерій Леонідович ; наук. керівник Приходько Тетяна Миколаївна |
||
| 260 |
_aКиїв _c2017 |
||
| 300 | _a20 с. | ||
| 502 |
_6Автореферат дисертації на здобуття наукового ступеня доктора юридичних наук
_cНаціональна академія внутрішніх справ _d2017 |
||
| 520 | _aДисертація є комплексною та системною працею, присвяченою розробці питань громадської безпеки як об’єкта злочину. У роботі розкрито теоретико-методологічні засади дослідження, розглянуто історичний та зарубіжний досвід щодо громадської безпеки як об’єкта злочину. Визначено системну кримінально-правову характеристику об’єкта, предмета та потерпілого у злочинах проти громадської безпеки. Здійснено характеристику структурних елементів суспільних відносин, які є об’єктом злочинів проти громадської безпеки: учасників, соціального зв’язку та предмета. Надано висновки та сформульовано пропозиції, спрямовані на вдосконалення кримінально-правової охорони громадської безпеки на нормативному та теоретичному рівнях. | ||
| 650 |
_2UDC _a343 Кримінальне право. Карні порушення |
||
| 942 |
_2udc _cAR |
||
| 955 | _a1 | ||
| 999 |
_c458675 _d458675 |
||